MARC

Tag First Indicator Second Indicator Subfields
LEADER 00000cas a2200000 a 4500
001 in00000083034
005 20151008055543.0
008 810814c19829999nyusxzp 0 a0eng d
010 |a  82643975   |z sn 81001848  
016 7 |a S28690000  |2 DNLM 
022 |a 0277-9536 
030 |a SSMDEP 
032 |a 007529  |b USPS 
035 |a (OCoLC)ocm07667666 
035 |a (OCoLC)07667666 
035 |9 AAJ3769AM 
037 |b Pergamon Press, Maxwell House, Fairview Park, Elmsford, NY 10523 
040 |a NSD  |c NSD  |d DLC  |d NST  |d DLC  |d NST  |d OCL  |d NST  |d RCS  |d AIP  |d NST  |d AIP  |d NSD  |d AIP  |d NST  |d AIP  |d NSD  |d AIP  |d NST  |d AIP  |d NST  |d HUL  |d NSD  |d NST  |d NSD  |d DLC  |d GUA  |d CUS  |d UtOrBLW 
042 |a lc  |a nsdp 
049 |a TXAM 
050 0 0 |a RA418  |b .S644 
060 0 0 |a W1 SO127G 
082 0 |a 362.1/05 
130 0 |a Social science & medicine (1982) 
210 0 |a Soc. sci. med.  |b (1982) 
222 0 |a Social science & medicine  |b (1982) 
245 1 0 |a Social science & medicine. 
246 1 0 |a Social science and medicine 
264 1 |a Oxford ;  |a New York :  |b Pergamon,  |c [1982-] 
264 4 |c ©1982- 
300 |a volumes :  |b illustrations ;  |c 28 cm. 
310 |a 24 no. a year 
336 |a text  |b txt  |2 rdacontent 
337 |a unmediated  |b n  |2 rdamedia 
338 |a volume  |b nc  |2 rdacarrier 
362 0 |a Vol. 16, no. 1 (1982)- 
500 |a Title from cover. 
510 1 |a Social sciences index  |x 0094-4920 
510 2 |a Biological abstracts  |x 0006-3169 
510 2 |a Cumulative index to nursing & allied health literature  |x 0146-5554  |b 1984- 
510 2 |a Excerpta medica 
510 2 |a Life sciences collection  |b 1985- 
510 2 |a Population index  |x 0032-4701 
510 2 |a Psychological abstracts  |x 0033-2887  |b 1982- 
510 2 |a Recently published articles  |x 0145-5311 
510 2 |a Social welfare, social planning/policy & social development  |x 0195-7988 
510 2 |a Sociological abstracts  |x 0038-0202 
530 |a Issued also in microform. 
530 |a Available also by subscription via the World Wide Web. 
580 |a Merger of: Social science & medicine. Part A, Medical sociology, Social science & medicine. Part B, Medical anthropology, Social science & medicine. Part C, Medical economics, Social science & medicine. Part D, Medical geography, Social science & medicine. Part E, Medical psychology, and, Social science & medicine. Part F, Medical & social ethics. 
650 0 |a Social medicine  |v Periodicals. 
650 0 |a Medical anthropology  |x Periodicals. 
650 0 |a Public health  |v Periodicals. 
650 0 |a Psychology  |v Periodicals. 
650 0 |a Medicine  |v Periodicals. 
650 2 |a Medicine  |x periodicals. 
780 1 4 |t Social science & medicine. Part A, Medical sociology  |x 0271-7123  |w (DLC) 81646069 
780 1 4 |t Social science & medicine. Part B, Medical anthropology  |x 0160-7987  |w (OCoLC)7609322 
780 1 4 |t Social science & medicine. Part C, Medical economics  |x 0160-7995  |w (DLC) 96658062  |w (OCoLC)7609218 
780 1 4 |t Social science & medicine. Part D, Medical geography  |x 0160-8002  |w (OCoLC)7960892 
780 1 4 |t Social science & medicine. Part E, Medical psychology  |x 0271-5384  |w (OCoLC)6680188 
780 1 4 |t Social science & medicine. Part F, Medical & social ethics  |x 0271-5392  |w (DLC) 81646068 
936 |a Vol. 16, no. 1, 1982 (surrogate) 
948 |a MFHD URL added  |b h  |c 2002/10/8  |d c  |e rstovall5  |f 10:25:54 am 
994 |a E0  |b TXA 
999 |a MARS 
999 f f |s 3e827d1c-46bb-3ba3-817a-ef9893418635  |i 2e1d8609-f776-3dee-b89b-142ee1965807  |t 0 
952 f f |p ric  |a Texas A&M University  |b Rellis Campus  |c Joint Library Facility  |d Remote Storage  |t 0  |e RA418 .S61  |h Library of Congress classification  |i unmediated -- volume  |k v.46:no.1 -v.46:no.3  |l 1998-1998  |m A14822516927 
952 f f |p ric  |a Texas A&M University  |b Rellis Campus  |c Joint Library Facility  |d Remote Storage  |t 0  |e RA418 .S61  |h Library of Congress classification  |i unmediated -- volume  |k v.23:no.1 -v.23:no.6  |l 1986-1986  |m A14811207303 
952 f f |p ric  |a Texas A&M University  |b Rellis Campus  |c Joint Library Facility  |d Remote Storage  |t 0  |e RA418 .S61  |h Library of Congress classification  |i unmediated -- volume  |k v.47:no.1 -v.47:no.3  |l 1998-1998  |m A14822516820 
952 f f |p ric  |a Texas A&M University  |b Rellis Campus  |c Joint Library Facility  |d Remote Storage  |t 0  |e RA418 .S61  |h Library of Congress classification  |i unmediated -- volume  |k v.30:no.1 -v.30:no.6  |l 1990-1990  |m A14812887902 
952 f f |p ric  |a Texas A&M University  |b Rellis Campus  |c Joint Library Facility  |d Remote Storage  |t 0  |e RA418 .S61  |h Library of Congress classification  |i unmediated -- volume  |k v.44:no.10 -v.44:no.12  |l 1996-1996  |m A14821434059 
952 f f |p ric  |a Texas A&M University  |b Rellis Campus  |c Joint Library Facility  |d Remote Storage  |t 0  |e RA418 .S61  |h Library of Congress classification  |i unmediated -- volume  |k v.35:no.4  |l 1992:Aug.  |m A14828789007 
952 f f |p ric  |a Texas A&M University  |b Rellis Campus  |c Joint Library Facility  |d Remote Storage  |t 0  |e RA418 .S61  |h Library of Congress classification  |i unmediated -- volume  |k v.44:no.1 -v.44:no.6  |l 1997-1997  |m A14820947384 
952 f f |p ric  |a Texas A&M University  |b Rellis Campus  |c Joint Library Facility  |d Remote Storage  |t 0  |e RA418 .S61  |h Library of Congress classification  |i unmediated -- volume  |k v.28:no.1 -v.28:no.6  |l 1989-1989  |m A14809628593 
952 f f |p ric  |a Texas A&M University  |b Rellis Campus  |c Joint Library Facility  |d Remote Storage  |t 0  |e RA418 .S61  |h Library of Congress classification  |i unmediated -- volume  |k v.44:no.7 -v.44:no.9  |l 1997-1997  |m A14821434009 
952 f f |p ric  |a Texas A&M University  |b Rellis Campus  |c Joint Library Facility  |d Remote Storage  |t 0  |e RA418 .S61  |h Library of Congress classification  |i unmediated -- volume  |k v.54:no.7-9  |l 2002:Apr.-May  |m A14829289084 
952 f f |p ric  |a Texas A&M University  |b Rellis Campus  |c Joint Library Facility  |d Remote Storage  |t 0  |e RA418 .S61  |h Library of Congress classification  |i unmediated -- volume  |k v.53:no.1-3  |l 2001:July-Aug.  |m A14828186518 
952 f f |p ric  |a Texas A&M University  |b Rellis Campus  |c Joint Library Facility  |d Remote Storage  |t 0  |e RA418 .S61  |h Library of Congress classification  |i unmediated -- volume  |k v.18:no.1 -v.18:no.6  |l 1984-1984  |m A14813877463 
952 f f |p ric  |a Texas A&M University  |b Rellis Campus  |c Joint Library Facility  |d Remote Storage  |t 0  |e RA418 .S61  |h Library of Congress classification  |i unmediated -- volume  |k v.21:no.7 -v.21:no.12  |l 1985-1985  |m A14813058988 
952 f f |p ric  |a Texas A&M University  |b Rellis Campus  |c Joint Library Facility  |d Remote Storage  |t 0  |e RA418 .S61  |h Library of Congress classification  |i unmediated -- volume  |k v.16:no.1-6  |l 1982:Jan.-June  |m A14826246037 
952 f f |p ric  |a Texas A&M University  |b Rellis Campus  |c Joint Library Facility  |d Remote Storage  |t 0  |e RA418 .S61  |h Library of Congress classification  |i unmediated -- volume  |k v.34:no.1-6  |l 1992:Jan.-Mar.  |m A14816071163 
952 f f |p ric  |a Texas A&M University  |b Rellis Campus  |c Joint Library Facility  |d Remote Storage  |t 0  |e RA418 .S61  |h Library of Congress classification  |i unmediated -- volume  |k v.31:no.7 -v.31:no.12  |l 1990-1990  |m A14814368946 
952 f f |p ric  |a Texas A&M University  |b Rellis Campus  |c Joint Library Facility  |d Remote Storage  |t 0  |e RA418 .S61  |h Library of Congress classification  |i unmediated -- volume  |k v.50:no.7/8-12  |l 2000:April-June  |m A14827274198 
952 f f |p ric  |a Texas A&M University  |b Rellis Campus  |c Joint Library Facility  |d Remote Storage  |t 0  |e RA418 .S61  |h Library of Congress classification  |i unmediated -- volume  |k v.39:no.7 -v.39:no.12  |l 1994-1994  |m A14818820623 
952 f f |p ric  |a Texas A&M University  |b Rellis Campus  |c Joint Library Facility  |d Remote Storage  |t 0  |e RA418 .S61  |h Library of Congress classification  |i unmediated -- volume  |k v.52:no.1-3  |l 2001:Jan.-Feb.  |m A14828187124 
952 f f |p ric  |a Texas A&M University  |b Rellis Campus  |c Joint Library Facility  |d Remote Storage  |t 0  |e RA418 .S61  |h Library of Congress classification  |i unmediated -- volume  |k v.48:no.1 -v.48:no.3  |l 1999-1999  |m A14824029706 
952 f f |p ric  |a Texas A&M University  |b Rellis Campus  |c Joint Library Facility  |d Remote Storage  |t 0  |e RA418 .S61  |h Library of Congress classification  |i unmediated -- volume  |k v.51:no.1-4  |l 2000:June-Aug.  |m A14827274075 
952 f f |p ric  |a Texas A&M University  |b Rellis Campus  |c Joint Library Facility  |d Remote Storage  |t 0  |e RA418 .S61  |h Library of Congress classification  |i unmediated -- volume  |k v.41:no.7 -v.41:no.12  |l 1995-1995  |m A14819927509 
952 f f |p ric  |a Texas A&M University  |b Rellis Campus  |c Joint Library Facility  |d Remote Storage  |t 0  |e RA418 .S61  |h Library of Congress classification  |i unmediated -- volume  |k v.52:no.10-12  |l 2001:May-June  |m A14828187247 
952 f f |p ric  |a Texas A&M University  |b Rellis Campus  |c Joint Library Facility  |d Remote Storage  |t 0  |e RA418 .S61  |h Library of Congress classification  |i unmediated -- volume  |k v.23:no.7 -v.23:no.12  |l 1986-1986  |m A14813876776 
952 f f |p ric  |a Texas A&M University  |b Rellis Campus  |c Joint Library Facility  |d Remote Storage  |t 0  |e RA418 .S61  |h Library of Congress classification  |i unmediated -- volume  |k v.54:no.4-6  |l 2002:Feb.-Mar.  |m A14829289000 
952 f f |p ric  |a Texas A&M University  |b Rellis Campus  |c Joint Library Facility  |d Remote Storage  |t 0  |e RA418 .S61  |h Library of Congress classification  |i unmediated -- volume  |k v.40:no.1 -v.40:no.6  |l 1995-1995  |m A14819391457 
952 f f |p ric  |a Texas A&M University  |b Rellis Campus  |c Joint Library Facility  |d Remote Storage  |t 0  |e RA418 .S61  |h Library of Congress classification  |i unmediated -- volume  |k v.32:no.7 -v.32:no.12  |l 1991-1991  |m A14815300959 
952 f f |p ric  |a Texas A&M University  |b Rellis Campus  |c Joint Library Facility  |d Remote Storage  |t 0  |e RA418 .S61  |h Library of Congress classification  |i unmediated -- volume  |k v.55:no.7-9  |l 2002:Oct.-Nov.  |m A14830192876 
952 f f |p ric  |a Texas A&M University  |b Rellis Campus  |c Joint Library Facility  |d Remote Storage  |t 0  |e RA418 .S61  |h Library of Congress classification  |i unmediated -- volume  |k v.27:no.1 -v.27:no.6  |l 1988-1988  |m A14811718312 
952 f f |p ric  |a Texas A&M University  |b Rellis Campus  |c Joint Library Facility  |d Remote Storage  |t 0  |e RA418 .S61  |h Library of Congress classification  |i unmediated -- volume  |k v.46:no.9 -v.46:no.12  |l 1998-1998  |m A14822516383 
952 f f |p ric  |a Texas A&M University  |b Rellis Campus  |c Joint Library Facility  |d Remote Storage  |t 0  |e RA418 .S61  |h Library of Congress classification  |i unmediated -- volume  |k v.40:no.7 -v.40:no.12  |l 1995-1995  |m A14819391504 
952 f f |p ric  |a Texas A&M University  |b Rellis Campus  |c Joint Library Facility  |d Remote Storage  |t 0  |e RA418 .S61  |h Library of Congress classification  |i unmediated -- volume  |k v.38:no.7 -v.38:no.12  |l 1994-1994  |m A14818820673 
952 f f |p ric  |a Texas A&M University  |b Rellis Campus  |c Joint Library Facility  |d Remote Storage  |t 0  |e RA418 .S61  |h Library of Congress classification  |i unmediated -- volume  |k v.42:no.7 -v.42:no.12  |l 1996-1996  |m A14820283780 
952 f f |p ric  |a Texas A&M University  |b Rellis Campus  |c Joint Library Facility  |d Remote Storage  |t 0  |e RA418 .S61  |h Library of Congress classification  |i unmediated -- volume  |k v.30:no.7 -v.30:no.12  |l 1990-1990  |m A14812887685 
952 f f |p ric  |a Texas A&M University  |b Rellis Campus  |c Joint Library Facility  |d Remote Storage  |t 0  |e RA418 .S61  |h Library of Congress classification  |i unmediated -- volume  |k v.46:no.4/5 -v.46:8  |l 1998-1998  |m A14822516977 
952 f f |p ric  |a Texas A&M University  |b Rellis Campus  |c Joint Library Facility  |d Remote Storage  |t 0  |e RA418 .S61  |h Library of Congress classification  |i unmediated -- volume  |k v.29:no.7 -v.29:no.12  |l 1989-1989  |m A14812881760 
952 f f |p storage  |a Texas A&M University  |b J.J. Pickle Campus  |c High Density Repository  |d Remote Storage  |t 0  |e RA418 .S61  |h Library of Congress classification  |i unmediated -- volume  |k v.19:no.1 -v.19:no.6  |l 1984-1984  |m A14813834562 
952 f f |p ric  |a Texas A&M University  |b Rellis Campus  |c Joint Library Facility  |d Remote Storage  |t 0  |e RA418 .S61  |h Library of Congress classification  |i unmediated -- volume  |k v.26:no.7 -v.26:no.12  |l 1988-1988  |m A14811620315 
952 f f |p ric  |a Texas A&M University  |b Rellis Campus  |c Joint Library Facility  |d Remote Storage  |t 0  |e RA418 .S61  |h Library of Congress classification  |i unmediated -- volume  |k v.47:no.7 -v.47:no.9  |l 1998-1998  |m A14823767220 
952 f f |p ric  |a Texas A&M University  |b Rellis Campus  |c Joint Library Facility  |d Remote Storage  |t 0  |e RA418 .S61  |h Library of Congress classification  |i unmediated -- volume  |k v.24:no.7 -v.24:no.12  |l 1987-1987  |m A14811355635 
952 f f |p ric  |a Texas A&M University  |b Rellis Campus  |c Joint Library Facility  |d Remote Storage  |t 0  |e RA418 .S61  |h Library of Congress classification  |i unmediated -- volume  |k v.17:no.13 -v.17:no.18  |l 1983-1983  |m A14819845676 
952 f f |p ric  |a Texas A&M University  |b Rellis Campus  |c Joint Library Facility  |d Remote Storage  |t 0  |e RA418 .S61  |h Library of Congress classification  |i unmediated -- volume  |k v.50: no.4-6  |l 2000: Feb.-Mar.  |m A14826000376 
952 f f |p ric  |a Texas A&M University  |b Rellis Campus  |c Joint Library Facility  |d Remote Storage  |t 0  |e RA418 .S61  |h Library of Congress classification  |i unmediated -- volume  |k v.25:no.1 -v.25:no.6  |l 1987-1987  |m A14811399388 
952 f f |p ric  |a Texas A&M University  |b Rellis Campus  |c Joint Library Facility  |d Remote Storage  |t 0  |e RA418 .S61  |h Library of Congress classification  |i unmediated -- volume  |k v.39.no.1 -v.39:no.6  |l 1994-1994  |m A14818820681 
952 f f |p ric  |a Texas A&M University  |b Rellis Campus  |c Joint Library Facility  |d Remote Storage  |t 0  |e RA418 .S61  |h Library of Congress classification  |i unmediated -- volume  |k v.51:no.9-12  |l 2000:Nov.-Dec.  |m A14827274156 
952 f f |p ric  |a Texas A&M University  |b Rellis Campus  |c Joint Library Facility  |d Remote Storage  |t 0  |e RA418 .S61  |h Library of Congress classification  |i unmediated -- volume  |k v.49: no.4-6  |l 1999: Aug.-Sept.  |m A14826000295 
952 f f |p ric  |a Texas A&M University  |b Rellis Campus  |c Joint Library Facility  |d Remote Storage  |t 0  |e RA418 .S61  |h Library of Congress classification  |i unmediated -- volume  |k v.26:no.1 -v.26:no.6  |l 1988-1988  |m A14821538578 
952 f f |p ric  |a Texas A&M University  |b Rellis Campus  |c Joint Library Facility  |d Remote Storage  |t 0  |e RA418 .S61  |h Library of Congress classification  |i unmediated -- volume  |k v.54:no.10-12  |l 2002:May-June  |m A14829289123 
952 f f |p ric  |a Texas A&M University  |b Rellis Campus  |c Joint Library Facility  |d Remote Storage  |t 0  |e RA418 .S61  |h Library of Congress classification  |i unmediated -- volume  |k v.47:no.10 -v.47:no.12  |l 1998-1998  |m A14824029756 
952 f f |p ric  |a Texas A&M University  |b Rellis Campus  |c Joint Library Facility  |d Remote Storage  |t 0  |e RA418 .S61  |h Library of Congress classification  |i unmediated -- volume  |k v.18:no.7 -v.18:no.12  |l 1984-1984  |m A14811138512 
952 f f |p ric  |a Texas A&M University  |b Rellis Campus  |c Joint Library Facility  |d Remote Storage  |t 0  |e RA418 .S61  |h Library of Congress classification  |i unmediated -- volume  |k v.25:no.7 -v.25:no.12  |l 1987-1987  |m A14811399435 
952 f f |p ric  |a Texas A&M University  |b Rellis Campus  |c Joint Library Facility  |d Remote Storage  |t 0  |e RA418 .S61  |h Library of Congress classification  |i unmediated -- volume  |k v.36:no.7 -v.36:no.12  |l 1993-1993  |m A14817221258 
952 f f |p ric  |a Texas A&M University  |b Rellis Campus  |c Joint Library Facility  |d Remote Storage  |t 0  |e RA418 .S61  |h Library of Congress classification  |i unmediated -- volume  |k v.22:no.1 -v.22:no.6  |l 1986-1986  |m A14821044707 
952 f f |p ric  |a Texas A&M University  |b Rellis Campus  |c Joint Library Facility  |d Remote Storage  |t 0  |e RA418 .S61  |h Library of Congress classification  |i unmediated -- volume  |k v.55:no.10-12  |l 2002:Nov.-Dec.  |m A14830192834 
952 f f |p ric  |a Texas A&M University  |b Rellis Campus  |c Joint Library Facility  |d Remote Storage  |t 0  |e RA418 .S61  |h Library of Congress classification  |i unmediated -- volume  |k v.51:no.5-8  |l 2000:Sept.-Oct.  |m A14827274114 
952 f f |p ric  |a Texas A&M University  |b Rellis Campus  |c Joint Library Facility  |d Remote Storage  |t 0  |e RA418 .S61  |h Library of Congress classification  |i unmediated -- volume  |k v.16:no.13-18  |l 1982  |m A14838481287 
952 f f |p ric  |a Texas A&M University  |b Rellis Campus  |c Joint Library Facility  |d Remote Storage  |t 0  |e RA418 .S61  |h Library of Congress classification  |i unmediated -- volume  |k v.37:no.1 -v.37:no.6  |l 1993-1993  |m A14817873209 
952 f f |p ric  |a Texas A&M University  |b Rellis Campus  |c Joint Library Facility  |d Remote Storage  |t 0  |e RA418 .S61  |h Library of Congress classification  |i unmediated -- volume  |k v.47:no.4 -v.47:no.6  |l 1998-1998  |m A14822516579 
952 f f |p ric  |a Texas A&M University  |b Rellis Campus  |c Joint Library Facility  |d Remote Storage  |t 0  |e RA418 .S61  |h Library of Congress classification  |i unmediated -- volume  |k v.55:no.1-3  |l 2002:July-Aug.  |m A14829289165 
952 f f |p ric  |a Texas A&M University  |b Rellis Campus  |c Joint Library Facility  |d Remote Storage  |t 0  |e RA418 .S61  |h Library of Congress classification  |i unmediated -- volume  |k v.54:no.1-3  |l 2002:Jan.-Feb.  |m A14829289042 
952 f f |p ric  |a Texas A&M University  |b Rellis Campus  |c Joint Library Facility  |d Remote Storage  |t 0  |e RA418 .S61  |h Library of Congress classification  |i unmediated -- volume  |k v.45:no.1 -v.45:no.3  |l 1997-1997  |m A14821236281 
952 f f |p ric  |a Texas A&M University  |b Rellis Campus  |c Joint Library Facility  |d Remote Storage  |t 0  |e RA418 .S61  |h Library of Congress classification  |i unmediated -- volume  |k v.43:no.7 -v.43:no.12  |l 1996-1996  |m A14820947596 
952 f f |p ric  |a Texas A&M University  |b Rellis Campus  |c Joint Library Facility  |d Remote Storage  |t 0  |e RA418 .S61  |h Library of Congress classification  |i unmediated -- volume  |k Index:v.37-45  |l 1993-1997  |m A14826141180 
952 f f |p ric  |a Texas A&M University  |b Rellis Campus  |c Joint Library Facility  |d Remote Storage  |t 0  |e RA418 .S61  |h Library of Congress classification  |i unmediated -- volume  |k v.41:no.1 -v.41:no.6  |l 1995-1995  |m A14819927517 
952 f f |p ric  |a Texas A&M University  |b Rellis Campus  |c Joint Library Facility  |d Remote Storage  |t 0  |e RA418 .S61  |h Library of Congress classification  |i unmediated -- volume  |k v.20:no.1 -v.20:no.6  |l 1985-1985  |m A14816786506 
952 f f |p ric  |a Texas A&M University  |b Rellis Campus  |c Joint Library Facility  |d Remote Storage  |t 0  |e RA418 .S61  |h Library of Congress classification  |i unmediated -- volume  |k v.36:no.1 -v.36:no.6  |l 1993-1993  |m A14817221208 
952 f f |p ric  |a Texas A&M University  |b Rellis Campus  |c Joint Library Facility  |d Remote Storage  |t 0  |e RA418 .S61  |h Library of Congress classification  |i unmediated -- volume  |k v.48:no.10 -v.48:no.12  |l 1999-1999  |m A14825291314 
952 f f |p ric  |a Texas A&M University  |b Rellis Campus  |c Joint Library Facility  |d Remote Storage  |t 0  |e RA418 .S61  |h Library of Congress classification  |i unmediated -- volume  |k v.43:no.1 -v.43:no.3  |l 1996-1996  |m A14820595640 
952 f f |p ric  |a Texas A&M University  |b Rellis Campus  |c Joint Library Facility  |d Remote Storage  |t 0  |e RA418 .S61  |h Library of Congress classification  |i unmediated -- volume  |k Index:v.32-35  |l 1991-92  |m A14826141229 
952 f f |p ric  |a Texas A&M University  |b Rellis Campus  |c Joint Library Facility  |d Remote Storage  |t 0  |e RA418 .S61  |h Library of Congress classification  |i unmediated -- volume  |k v.55:no.4-6  |l 2002:Aug.-Sept.  |m A14830192795 
952 f f |p ric  |a Texas A&M University  |b Rellis Campus  |c Joint Library Facility  |d Remote Storage  |t 0  |e RA418 .S61  |h Library of Congress classification  |i unmediated -- volume  |k v.42:no.1-6  |l 1996  |m A14832076759 
952 f f |p ric  |a Texas A&M University  |b Rellis Campus  |c Joint Library Facility  |d Remote Storage  |t 0  |e RA418 .S61  |h Library of Congress classification  |i unmediated -- volume  |k v.31:no.1 -v.31:no.6  |l 1990-1990  |m A14814364316 
952 f f |p ric  |a Texas A&M University  |b Rellis Campus  |c Joint Library Facility  |d Remote Storage  |t 0  |e RA418 .S61  |h Library of Congress classification  |i unmediated -- volume  |k v.48:no.4 -v.48:no.6  |l 1998-1998  |m A14824029659 
952 f f |p ric  |a Texas A&M University  |b Rellis Campus  |c Joint Library Facility  |d Remote Storage  |t 0  |e RA418 .S61  |h Library of Congress classification  |i unmediated -- volume  |k v.52:no.7-9  |l 2001:April-May  |m A14828187205 
952 f f |p ric  |a Texas A&M University  |b Rellis Campus  |c Joint Library Facility  |d Remote Storage  |t 0  |e RA418 .S61  |h Library of Congress classification  |i unmediated -- volume  |k v.29:no.1 -v.29:no.6  |l 1989-1989  |m A14812964924 
952 f f |p ric  |a Texas A&M University  |b Rellis Campus  |c Joint Library Facility  |d Remote Storage  |t 0  |e RA418 .S61  |h Library of Congress classification  |i unmediated -- volume  |k v.48:no.7 -v.48:no.9  |l 1999-1999  |m A14825291364 
952 f f |p ric  |a Texas A&M University  |b Rellis Campus  |c Joint Library Facility  |d Remote Storage  |t 0  |e RA418 .S61  |h Library of Congress classification  |i unmediated -- volume  |k v.20:no.7 -v.20:no.12  |l 1985-1985  |m A14813894936 
952 f f |p ric  |a Texas A&M University  |b Rellis Campus  |c Joint Library Facility  |d Remote Storage  |t 0  |e RA418 .S61  |h Library of Congress classification  |i unmediated -- volume  |k v.24:no.1 -v.24:no.6  |l 1987-1987  |m A14811355588 
952 f f |p ric  |a Texas A&M University  |b Rellis Campus  |c Joint Library Facility  |d Remote Storage  |t 0  |e RA418 .S61  |h Library of Congress classification  |i unmediated -- volume  |k v.38:no.1 -v.38:no.6  |l 1994-1994  |m A14818787215 
952 f f |p ric  |a Texas A&M University  |b Rellis Campus  |c Joint Library Facility  |d Remote Storage  |t 0  |e RA418 .S61  |h Library of Congress classification  |i unmediated -- volume  |k v.34:no.7-12  |l 1992  |m A14816102760 
952 f f |p ric  |a Texas A&M University  |b Rellis Campus  |c Joint Library Facility  |d Remote Storage  |t 0  |e RA418 .S61  |h Library of Congress classification  |i unmediated -- volume  |k v.16:no.19 -v.16:no.24  |l 1982-1982  |m A14813020155 
952 f f |p ric  |a Texas A&M University  |b Rellis Campus  |c Joint Library Facility  |d Remote Storage  |t 0  |e RA418 .S61  |h Library of Congress classification  |i unmediated -- volume  |k v.17:no.7 -v.17:no.12  |l 1983-1983  |m A14813059659 
952 f f |p ric  |a Texas A&M University  |b Rellis Campus  |c Joint Library Facility  |d Remote Storage  |t 0  |e RA418 .S61  |h Library of Congress classification  |i unmediated -- volume  |k v.33:no.7 -v.33:no.12  |l 1991-1991  |m A14815696520 
952 f f |p ric  |a Texas A&M University  |b Rellis Campus  |c Joint Library Facility  |d Remote Storage  |t 0  |e RA418 .S61  |h Library of Congress classification  |i unmediated -- volume  |k v.53:no.7-9  |l 2001:Oct.-Nov.  |m A14828186592 
952 f f |p ric  |a Texas A&M University  |b Rellis Campus  |c Joint Library Facility  |d Remote Storage  |t 0  |e RA418 .S61  |h Library of Congress classification  |i unmediated -- volume  |k v.52:no.4-6  |l 2001:Feb.-Mar.  |m A14828187166 
952 f f |p ric  |a Texas A&M University  |b Rellis Campus  |c Joint Library Facility  |d Remote Storage  |t 0  |e RA418 .S61  |h Library of Congress classification  |i unmediated -- volume  |k v.22:no.7 -v.22:no.12  |l 1986-1986  |m A14820314882 
952 f f |p ric  |a Texas A&M University  |b Rellis Campus  |c Joint Library Facility  |d Remote Storage  |t 0  |e RA418 .S61  |h Library of Congress classification  |i unmediated -- volume  |k v.28:no.7 -v.28:no.12  |l 1989-1989  |m A14809628640 
952 f f |p ric  |a Texas A&M University  |b Rellis Campus  |c Joint Library Facility  |d Remote Storage  |t 0  |e RA418 .S61  |h Library of Congress classification  |i unmediated -- volume  |k v.17:no.19 -v.17:no.24  |l 1983-1983  |m A14816895193 
952 f f |p ric  |a Texas A&M University  |b Rellis Campus  |c Joint Library Facility  |d Remote Storage  |t 0  |e RA418 .S61  |h Library of Congress classification  |i unmediated -- volume  |k v.33:no.1 -v.33:no.6  |l 1991-1991  |m A14815313994 
952 f f |p ric  |a Texas A&M University  |b Rellis Campus  |c Joint Library Facility  |d Remote Storage  |t 0  |e RA418 .S61  |h Library of Congress classification  |i unmediated -- volume  |k v.37:no.7 -v.37:no.12  |l 1993-1993  |m A14838481326 
952 f f |p ric  |a Texas A&M University  |b Rellis Campus  |c Joint Library Facility  |d Remote Storage  |t 0  |e RA418 .S61  |h Library of Congress classification  |i unmediated -- volume  |k v.19:no.7 -v.19:no.12  |l 1984-1984  |m A14816948831 
952 f f |p ric  |a Texas A&M University  |b Rellis Campus  |c Joint Library Facility  |d Remote Storage  |t 0  |e RA418 .S61  |h Library of Congress classification  |i unmediated -- volume  |k v.35:no.7 -v.35:no.12  |l 1992-1992  |m A14817221151 
952 f f |p ric  |a Texas A&M University  |b Rellis Campus  |c Joint Library Facility  |d Remote Storage  |t 0  |e RA418 .S61  |h Library of Congress classification  |i unmediated -- volume  |k v.45:no.7 -v.45:no.9  |l 1997-1997  |m A14822516626 
952 f f |p ric  |a Texas A&M University  |b Rellis Campus  |c Joint Library Facility  |d Remote Storage  |t 0  |e RA418 .S61  |h Library of Congress classification  |i unmediated -- volume  |k v.43:no.4 -v.43:no.6  |l 1996-1996  |m A14820454080 
952 f f |p ric  |a Texas A&M University  |b Rellis Campus  |c Joint Library Facility  |d Remote Storage  |t 0  |e RA418 .S61  |h Library of Congress classification  |i unmediated -- volume  |k v.49: no.7-9  |l 1999: Oct.-Nov.  |m A14826000172 
952 f f |p ric  |a Texas A&M University  |b Rellis Campus  |c Joint Library Facility  |d Remote Storage  |t 0  |e RA418 .S61  |h Library of Congress classification  |i unmediated -- volume  |k v.45:no.10 -v.45:no.12  |l 1997-1997  |m A14822516676 
952 f f |p ric  |a Texas A&M University  |b Rellis Campus  |c Joint Library Facility  |d Remote Storage  |t 0  |e RA418 .S61  |h Library of Congress classification  |i unmediated -- volume  |k v.49: no.10-12  |l 1999: Nov.-Dec.  |m A14826000211 
952 f f |p ric  |a Texas A&M University  |b Rellis Campus  |c Joint Library Facility  |d Remote Storage  |t 0  |e RA418 .S61  |h Library of Congress classification  |i unmediated -- volume  |k v.17:no.1 -v.17:no.6  |l 1983-1983  |m A14813895089 
952 f f |p ric  |a Texas A&M University  |b Rellis Campus  |c Joint Library Facility  |d Remote Storage  |t 0  |e RA418 .S61  |h Library of Congress classification  |i unmediated -- volume  |k v.49: no.2-3  |l 1999: June-Aug.  |m A14826000538 
952 f f |p ric  |a Texas A&M University  |b Rellis Campus  |c Joint Library Facility  |d Remote Storage  |t 0  |e RA418 .S61  |h Library of Congress classification  |i unmediated -- volume  |k v.45:no.4 -v.45:no.6  |l 1997-1997  |m A14821236338 
952 f f |p ric  |a Texas A&M University  |b Rellis Campus  |c Joint Library Facility  |d Remote Storage  |t 0  |e RA418 .S61  |h Library of Congress classification  |i unmediated -- volume  |k v.27:no.7 -v.27:no.12  |l 1988-1988  |m A14811718362 
952 f f |p ric  |a Texas A&M University  |b Rellis Campus  |c Joint Library Facility  |d Remote Storage  |t 0  |e RA418 .S61  |h Library of Congress classification  |i unmediated -- volume  |k v.50: no.1-3  |l 2000: Jan.-Feb.  |m A14826000334 
952 f f |p ric  |a Texas A&M University  |b Rellis Campus  |c Joint Library Facility  |d Remote Storage  |t 0  |e RA418 .S61  |h Library of Congress classification  |i unmediated -- volume  |k v.32:no.1 -v.32:no.6  |l 1991-1991  |m A14815164492 
952 f f |p ric  |a Texas A&M University  |b Rellis Campus  |c Joint Library Facility  |d Remote Storage  |t 0  |e RA418 .S61  |h Library of Congress classification  |i unmediated -- volume  |k v.53:no.4-6  |l 2001:Aug.-Sept.  |m A14828186550 
952 f f |p ric  |a Texas A&M University  |b Rellis Campus  |c Joint Library Facility  |d Remote Storage  |t 0  |e RA418 .S61  |h Library of Congress classification  |i unmediated -- volume  |k v.21:no.1 -v.21:no.6  |l 1985-1985  |m A14813067759 
952 f f |p ric  |a Texas A&M University  |b Rellis Campus  |c Joint Library Facility  |d Remote Storage  |t 0  |e RA418 .S61  |h Library of Congress classification  |i unmediated -- volume  |k v.35:no.1 -v.35:no.2  |l 1992-1992  |m A14817221101 
952 f f |p ric  |a Texas A&M University  |b Rellis Campus  |c Joint Library Facility  |d Remote Storage  |t 0  |e RA418 .S61  |h Library of Congress classification  |i unmediated -- volume  |k v.16:no.7-12  |l 1982  |m A14838481245 
952 f f |p ric  |a Texas A&M University  |b Rellis Campus  |c Joint Library Facility  |d Remote Storage  |t 0  |e RA418 .S61  |h Library of Congress classification  |i unmediated -- volume  |k v.53:no.10-12  |l 2001:Nov.-Dec.  |m A14828559494 
998 f f |a RA418 .S61  |s v.50-55 (2000-2002)  |t 0  |l Remote Storage